| 000 | 00535nam a2200181Ia 4500 | ||
|---|---|---|---|
| 008 | 220531s9999 xx 000 0 und d | ||
| 041 | _amar | ||
| 082 | _bSOM | ||
| 100 |
_aसमण मा. शं. _931992 |
||
| 245 | _aसमाजशास्त्रीय विचार | ||
| 250 | _a1ST | ||
| 260 |
_aPune _bNarendra _c1992 |
||
| 300 | _a176 | ||
| 542 | _d31-03-1991 | ||
| 650 |
_aSociology _931993 |
||
| 906 |
_d1990-1991 _eRs.50.00 recd.from Gawande N.sir on 20.5.19 against lost of books _f2891 |
||
| 999 |
_c19967 _d19967 |
||